000 00334nam a22001337a 4500
008 181122b xxu||||| |||| 00| 0 eng d
020 _a9780226103891
041 _aeng
080 _214 th
_a370
100 _a49
101 _aED
245 _aThe Chicago Style The Essentials Guide For Writers
_cJoh.N
942 _2udc
_cBK
999 _c52418
_d52418